Characteristics of the educational sector in Latin American Countries

Gespeichert in:
Bibliographische Detailangaben
Format: Text
Tags: Tag hinzufügen
Keine Tags, Fügen Sie den ersten Tag hinzu!

MARC

LEADER 00000 a a2200000 04500
001 45640
003
040
245 |a Characteristics of the educational sector in Latin American Countries  
773 |g páginas 22-58 : tablas  
999 |c 29272  |d 29272